Gratiani canones genuini ab apocryphis discreti, corrupti ad emendatiorum codicum fidem exacti, difficiliores commodâ interpretatione illustrati / opera et studio Caroli Sebastiani Berardi presbyteri uneliensis, in Regio Athenaeo Jurisconsultorum Collegio adscripti, et jurisprudentiae studiis in Regia Academia praefecti

Detalles Bibliográficos
Autor principal: Gratianus, el canonista, s. XII
Otros Autores: Berardi, Carlo Sebastián, 1719-1768
Formato: Libro
Lenguaje:Latin
Publicado: Matriti : ex typographia Michaëlis Escribano, 1783.
Materias:
Colección:Banco de datos
Acervo:Biblioteca Félix de Jesús Rougier de los Misioneros del Espíritu Santo. Fondo Antiguo
Descripción Física:4 t. ; 4°
Tema general:Derecho eclesiástico
Notas:Portada tipográfica con plecas y monograma del impresor en grabado xilográfico. Texto a dos columnas con apostillas marginales. Incluyen cabeceras de título en grabado xilográfico. Incluyen capitulares floreadas en grabado xilográfico. Cada tomo con portada y numeración propias. Año de los t. 1-4 publicados en 1783. Paginación: t. 1, v. 1 [1] h., 512 p.; t. 2, v. 2 [1] h., 480 p.; t. 3. v. 2 [1] h., 426 p.; t. 4, v. 3 [1] h., 558 p. Encuadernación en piel sobre cartón (1501-1504). Sello en tinta de la Bibliotheca Domus Studiorum Missionarii Spiritus Sancti (1501-1504). Sello en tinta de la Biblioteca Félix de Jesús Rougier (1501-1504). Daños de humedad y polilla (1503). Daños de polilla (1504)
LEADER 01746nam a22001930004500
035 |a 860 
041 0 |a lat 
100 1 |a Gratianus, el canonista, s. XII 
245 1 0 |a Gratiani canones genuini ab apocryphis discreti, corrupti ad emendatiorum codicum fidem exacti, difficiliores commodâ interpretatione illustrati / opera et studio Caroli Sebastiani Berardi presbyteri uneliensis, in Regio Athenaeo Jurisconsultorum Collegio adscripti, et jurisprudentiae studiis in Regia Academia praefecti 
260 |a Matriti : ex typographia Michaëlis Escribano, 1783. 
300 |a 4 t. ; 4° 
500 |a Portada tipográfica con plecas y monograma del impresor en grabado xilográfico. Texto a dos columnas con apostillas marginales. Incluyen cabeceras de título en grabado xilográfico. Incluyen capitulares floreadas en grabado xilográfico. Cada tomo con portada y numeración propias. Año de los t. 1-4 publicados en 1783. Paginación: t. 1, v. 1 [1] h., 512 p.; t. 2, v. 2 [1] h., 480 p.; t. 3. v. 2 [1] h., 426 p.; t. 4, v. 3 [1] h., 558 p. Encuadernación en piel sobre cartón (1501-1504). Sello en tinta de la Bibliotheca Domus Studiorum Missionarii Spiritus Sancti (1501-1504). Sello en tinta de la Biblioteca Félix de Jesús Rougier (1501-1504). Daños de humedad y polilla (1503). Daños de polilla (1504) 
504 |a Al principio de la obra está el índice de capítulos 
650 1 0 |a Derecho eclesiástico 
700 1 |a Berardi, Carlo Sebastián, 1719-1768 
949 |a Biblioteca Félix de Jesús Rougier, Fondo Antiguo t. 1, v. 1 (1501); t. 2, v. 2 (1502); t. 3, v. 2 (1503); t. 4, v. 3 (1504) 
942 |c ROUGIER 
943 |g Biblioteca Félix de Jesús Rougier de los Misioneros del Espíritu Santo. Fondo Antiguo 
999 |c 945879  |d 945879